[Event "Winter of Istanbul"]
[Site "SchemingMind.com"]
[Date "2011.08.06"]
[Round "-"]
[White "e_safarz"]
[Black "jtrochez1"]
[Result "1-0"]
[WhiteCountry "CAN"]
[BlackCountry "HON"]
[WhiteElo "2280"]
[WhiteRD "118"]
[BlackElo "1619"]
[BlackRD "51"]
[GameID "290252"]

1. e4 e5 2. Nf3 Nc6 3. Bb5 d6 4. d4 Bd7 5. Nc3 exd4 6. Nxd4 Nxd4 7. Bxd7+ Qxd7 8. Qxd4 Nf6 9. O-O Be7 10. Bg5 c6
11. Rad1 Qc7 12. Bf4 O-O 13. Bxd6 Bxd6 14. Qxd6 Qxd6 15. Rxd6 h6 16. e5 Nh7 17. Re1 Rfe8 18. f4 f5 19. Red1 Nf8 20. Kf2 Ne6
21. Ke3 Kf8 22. g3 Re7 23. Ne2 Ke8 24. c4 Rd8 25. c5 Rxd6 26. cxd6 Rd7 27. g4 g6 28. gxf5 gxf5 29. Nd4 Nxd4 30. Kxd4 b6
31. Rc1 c5+ 32. Kd5 h5 33. Rg1 Kf8 34. e6 Rh7 35. e7+
1-0

[Event "Winter of Istanbul"]
[Site "SchemingMind.com"]
[Date "2011.08.07"]
[Round "-"]
[White "e_safarz"]
[Black "Orhany24"]
[Result "1-0"]
[WhiteCountry "CAN"]
[BlackCountry "TUR"]
[WhiteElo "2385"]
[WhiteRD "80"]
[BlackElo "1673"]
[BlackRD "71"]
[GameID "290253"]

1. e4 e5 2. Nf3 Nc6 3. Bb5 a6 4. Ba4 Nf6 5. O-O b5 6. Bb3 Be7 7. Re1 O-O 8. a4 Bb7 9. d3 d6 10. Nbd2 Nb8
11. c3 c5 12. Nf1 h6 13. Ng3 Nc6 14. Nf5 Na5 15. Ba2 Qc7 16. b4 Nc6 17. bxc5 dxc5 18. Bxh6 g6 19. Nxe7+ Qxe7 20. Bxf8 Rxf8
21. axb5 axb5 22. Qd2 Kg7 23. Qb2 b4 24. cxb4 cxb4 25. Bd5 Rh8 26. Bxc6 Bxc6 27. Nxe5
1-0

[Event "Winter of Istanbul"]
[Site "SchemingMind.com"]
[Date "2011.08.11"]
[Round "-"]
[White "e_safarz"]
[Black "emvarela"]
[Result "1-0"]
[WhiteCountry "CAN"]
[BlackCountry "ARG"]
[WhiteElo "2385"]
[WhiteRD "80"]
[BlackElo "1751"]
[BlackRD "48"]
[GameID "290254"]

1. e4 e5 2. Nf3 Nc6 3. Bc4 Nf6 4. d3 Bc5 5. O-O d6 6. c3 Bg4 7. Bb3 h6 8. Nbd2 O-O 9. Re1 Bxf3 10. Qxf3 b5
11. Nf1 a5 12. a4 bxa4 13. Bxa4 Ne7 14. Bxh6 gxh6 15. Qxf6 Ng6 16. Qxd8 Rfxd8 17. Red1 d5 18. Bc6 Ra6 19. Bxd5 Rad6 20. Ne3 Bxe3
21. fxe3 c6 22. Bc4 Ra8 23. Ra4 Rd7 24. b4 Rda7 25. Rda1 Ne7 26. Rxa5 Rxa5 27. Rxa5 Rxa5 28. bxa5 Nc8 29. Kf2 Kg7 30. Ke2 Kf6
31. h4 Na7 32. g4 Kg6 33. Kd2 f6 34. d4 h5 35. gxh5+ Kxh5 36. d5 cxd5 37. exd5
1-0

[Event "Winter of Istanbul"]
[Site "SchemingMind.com"]
[Date "2011.08.09"]
[Round "-"]
[White "e_safarz"]
[Black "Olli Ylönen"]
[Result "1-0"]
[WhiteCountry "CAN"]
[BlackCountry "FIN"]
[WhiteElo "2280"]
[WhiteRD "118"]
[BlackElo "1692"]
[BlackRD "51"]
[GameID "290255"]

1. e4 c5 2. Nf3 e6 3. d4 cxd4 4. Nxd4 Nf6 5. Nc3 d6 6. g4 h6 7. h4 Nc6 8. Rg1 h5 9. gxh5 Nxh5 10. Bg5 Nf6
11. Qd2 Qb6 12. Nb3 a6 13. Be2 Bd7 14. O-O-O Qxf2 15. h5 Nxh5 16. Be3 Qf6 17. Rg5 g6 18. e5 Nxe5 19. Ne4 Qe7 20. Rxe5 dxe5
21. Bg5 f6 22. Bxh5 gxh5 23. Nxf6+ Kf7 24. Ng4 hxg4 25. Bxe7 Bh6 26. Bg5
1-0

[Event "Winter of Istanbul"]
[Site "SchemingMind.com"]
[Date "2011.08.06"]
[Round "-"]
[White "e_safarz"]
[Black "otsenrechess"]
[Result "1-0"]
[WhiteCountry "CAN"]
[BlackCountry "HUN"]
[WhiteElo "2385"]
[WhiteRD "80"]
[BlackElo "2301"]
[BlackRD "51"]
[GameID "290256"]

1. e4 c5 2. Nf3 Nc6 3. d4 cxd4 4. Nxd4 e5 5. Nb5 d6 6. N1c3 a6 7. Na3 b5 8. Nd5 Nf6 9. Bg5 Qa5+ 10. Bd2 Qd8
11. Nxf6+ Qxf6 12. Bd3 Qg6 13. O-O Be7 14. c4 Bg4 15. Be2 Bxe2 16. Qxe2 Nd4 17. Qd3 O-O 18. Be3 Rfd8 19. Bxd4 exd4 20. Rad1 bxc4
21. Nxc4 Bf6 22. b3 Rab8 23. f4 d5 24. exd5 Qxd3 25. Rxd3 Rxd5 26. Kf2 g6 27. Ke2 Re8+ 28. Kd2 Be7 29. a3 Bh4 30. g3 Bf6
31. b4 Rd7 32. Re1 Rxe1 33. Kxe1 Rc7 34. Ne5 Bxe5 35. fxe5 Rc2 36. Rxd4 Rxh2 37. Rd6 Rg2 38. Rxa6 Rxg3 39. a4 h5 40. Kf2 Rb3
41. b5 h4 42. Ra8+ Kg7 43. Ra7 Kf8 44. Rc7 g5 45. a5 Rb2+ 46. Kg1 Rb1+ 47. Kh2 Rb2+ 48. Kh3 Rb3+ 49. Kg4 h3 50. b6
1-0

[Event "Winter of Istanbul"]
[Site "SchemingMind.com"]
[Date "2011.08.07"]
[Round "-"]
[White "cnbcad"]
[Black "e_safarz"]
[Result "0-1"]
[WhiteCountry "USA"]
[BlackCountry "CAN"]
[WhiteElo "1543"]
[WhiteRD "96"]
[BlackElo "2280"]
[BlackRD "118"]
[GameID "290257"]

1. Nf3 Nf6 2. g3 d5 3. d4 e6 4. Bg2 Be7 5. O-O O-O 6. b3 c5 7. dxc5 Bxc5 8. Bb2 Nc6 9. c4 d4 10. Qd3 e5
11. Nfd2 Nb4 12. Qf3 Bg4 13. Qxb7 Rb8
0-1

[Event "Winter of Istanbul"]
[Site "SchemingMind.com"]
[Date "2011.08.06"]
[Round "-"]
[White "jtrochez1"]
[Black "e_safarz"]
[Result "0-1"]
[WhiteCountry "HON"]
[BlackCountry "CAN"]
[WhiteElo "1619"]
[WhiteRD "51"]
[BlackElo "2280"]
[BlackRD "118"]
[GameID "290258"]

1. e4 c5 2. Nf3 d6 3. Bb5+ Nd7 4. O-O g6 5. d4 cxd4 6. Nxd4 Nf6 7. Re1 Bg7 8. e5 dxe5 9. Nb3 Qc7 10. Nc3 a6
11. Bd3 O-O 12. h3 b5 13. Ne4 Bb7 14. Nxf6+ Nxf6 15. Nd2 Nd5 16. Nf3 f5 17. Ng5 Qc6 18. Bf1 e4 19. h4 Rfd8 20. Bd2 Bxb2
21. Rb1 Nc3
0-1

[Event "Winter of Istanbul"]
[Site "SchemingMind.com"]
[Date "2011.08.07"]
[Round "-"]
[White "Orhany24"]
[Black "e_safarz"]
[Result "0-1"]
[WhiteCountry "TUR"]
[BlackCountry "CAN"]
[WhiteElo "1673"]
[WhiteRD "71"]
[BlackElo "2385"]
[BlackRD "80"]
[GameID "290259"]

1. d4 d5 2. c4 c6 3. Nc3 Nf6 4. cxd5 cxd5 5. Nf3 Nc6 6. Bg5 Ne4 7. Nxe4 dxe4 8. d5 Qa5+ 9. Qd2 e6 10. Qxa5 Nxa5
11. Bd2 Nc4 12. Nd4 Nxd2 13. Kxd2 Bb4+ 14. Kc2 exd5 15. e3 Ke7 16. a3 Bd6 17. Be2 a6 18. f3 Bd7 19. Kd2 Be5 20. f4 Bf6
21. Rhc1 Rac8 22. b4 Kd6 23. h3 h6 24. g4 g6 25. a4 Rxc1 26. Kxc1 h5 27. g5 Bxd4 28. exd4 Bxh3 29. Kd2 Rc8 30. b5 a5
31. Rh1 Bg4 32. Bxg4 hxg4
0-1

[Event "Winter of Istanbul"]
[Site "SchemingMind.com"]
[Date "2011.08.11"]
[Round "-"]
[White "emvarela"]
[Black "e_safarz"]
[Result "0-1"]
[WhiteCountry "ARG"]
[BlackCountry "CAN"]
[WhiteElo "1751"]
[WhiteRD "48"]
[BlackElo "2385"]
[BlackRD "80"]
[GameID "290260"]

1. e4 e5 2. Nf3 Nc6 3. d4 exd4 4. c3 d5 5. exd5 Qxd5 6. cxd4 Bg4 7. Nc3 Bb4 8. Be2 Bxf3 9. Bxf3 Qc4 10. Bxc6+ bxc6
11. Qe2+ Qxe2+ 12. Kxe2 O-O-O 13. Be3 Ne7 14. a3 Bd6 15. Rhd1 Rhe8 16. g3 Nf5 17. Rd3 c5 18. dxc5 Nxe3 19. Rxe3 Bxc5 20. Rxe8 Rxe8+
21. Kf3 Re5 22. Rf1 Rf5+ 23. Ke2 Bd4 24. f4 Bxc3 25. bxc3 Rb5 26. Kd3 Rb2 27. h4= Rg2 28. Rf3 Ra2 29. Re3 Kd7 30. Re4 Rxa3
31. Rd4+ Kc8 32. Re4 Ra6 33. g4 Kd7 34. c4 Re6 35. Rxe6 Kxe6 36. Kc3 h5
0-1

[Event "Winter of Istanbul"]
[Site "SchemingMind.com"]
[Date "2011.08.09"]
[Round "-"]
[White "Olli Ylönen"]
[Black "e_safarz"]
[Result "0-1"]
[WhiteCountry "FIN"]
[BlackCountry "CAN"]
[WhiteElo "1692"]
[WhiteRD "51"]
[BlackElo "2280"]
[BlackRD "118"]
[GameID "290261"]

1. e4 e5 2. Nf3 Nc6 3. Bb5 a6 4. Bxc6 dxc6 5. O-O Qd6 6. Na3 b5 7. c3 c5 8. Nc2 Bb7 9. Re1 Ne7 10. a4 c4
11. axb5 axb5 12. Rxa8+ Bxa8 13. Na3 c6 14. b3 cxb3 15. Qxb3 Ng6 16. Nc2 Qe6 17. Qxe6+ fxe6 18. d4 c5 19. dxc5 Bxc5 20. Ba3 Be7
21. Bxe7 Kxe7 22. Rb1 Bxe4 23. Rxb5 Bxc2 24. Nxe5 Nxe5 25. Rxe5 Rd8 26. f3 Rd2 27. Re1 Bd3 28. Rc1 Bc4 29. h3 g5 30. Kh2 h5
31. Kg3 h4+ 32. Kh2 Kf6 33. Rf1 Bxf1
0-1

[Event "Winter of Istanbul"]
[Site "SchemingMind.com"]
[Date "2011.08.06"]
[Round "-"]
[White "otsenrechess"]
[Black "e_safarz"]
[Result "1/2-1/2"]
[WhiteCountry "HUN"]
[BlackCountry "CAN"]
[WhiteElo "2301"]
[WhiteRD "51"]
[BlackElo "2385"]
[BlackRD "80"]
[GameID "290262"]

1. e4 e5 2. Nf3 Nc6 3. Bb5 a6 4. Bxc6 dxc6 5. O-O Qd6 6. Na3 b5 7. c3 c5 8. Nc2 Bb7 9. Re1 Ne7 10. a4 c4
11. axb5 axb5 12. Rxa8+ Bxa8 13. Na3 c6 14. b3 cxb3 15. Qxb3 Ng6 16. c4 b4 17. c5 Qb8 18. Bb2 Bxc5 19. Nc4 O-O 20. Nfxe5 Nxe5
21. Bxe5 Qd8 22. h4 Re8 23. h5 Bf8 24. h6 g6 25. d4 c5 26. dxc5 Bxc5 27. Qa4 Re6 28. Rd1 Qf8 29. Bg7 Qb8 30. Qa1 Be7
31. Be5 Qf8 32. Bd6 Bxd6 33. Rxd6 Rxd6 34. Nxd6 Bc6 35. Qd4 Bd7 36. Qxb4 Qxh6 37. Qb8+ Qf8 38. Qc7 Qe7 39. e5 Kg7 40. Qc5 Qe6
41. Qd4 h5 42. Ne4=
1/2-1/2

[Event "Winter of Istanbul"]
[Site "SchemingMind.com"]
[Date "2011.08.07"]
[Round "-"]
[White "banyapet"]
[Black "cnbcad"]
[Result "1-0"]
[WhiteCountry "HUN"]
[BlackCountry "USA"]
[WhiteElo "1734"]
[WhiteRD "108"]
[BlackElo "1543"]
[BlackRD "96"]
[GameID "290406"]

1. e4 c5 2. Nf3 g6 3. d4 cxd4 4. Qxd4 Nf6 5. e5 Nc6 6. Qh4 Nd5 7. Bc4 e6 8. Qxd8+ Nxd8 9. Bxd5 exd5 10. Bg5 Bg7
11. Nc3 O-O 12. O-O-O Ne6 13. Bf6 d4 14. Nxd4 Bh6+ 15. Kb1 Nc5 16. Be7 Re8 17. Bxc5 Rxe5 18. Bd6 Re8 19. Rhe1 Rxe1 20. Rxe1 Bg5
21. Re8+ Kg7 22. Bf8+
1-0

[Event "Winter of Istanbul"]
[Site "SchemingMind.com"]
[Date "2011.08.08"]
[Round "-"]
[White "banyapet"]
[Black "jtrochez1"]
[Result "1-0"]
[WhiteCountry "HUN"]
[BlackCountry "HON"]
[WhiteElo "1787"]
[WhiteRD "97"]
[BlackElo "1592"]
[BlackRD "49"]
[GameID "290407"]

1. e4 e5 2. Nc3 Nf6 3. f4 d6 4. Nf3 Bg4 5. h3 Bxf3 6. Qxf3 Nc6 7. Bb5 a6 8. Bxc6+ bxc6 9. d3 h6 10. O-O Be7
11. Be3 O-O 12. f5 Kh7 13. Ne2 d5 14. g4 Ng8 15. Ng3 d4 16. Bd2 Bc5 17. Nh5 Be7 18. Kh1 Bg5 19. Rad1 f6 20. Qg3 Qd6
21. h4 Bxd2 22. Rxd2 Rf7 23. g5 fxg5 24. hxg5 hxg5 25. Rh2 Nh6 26. Qxg5 Rg8 27. f6 gxf6 28. Nxf6+ Rxf6 29. Qxf6 Qxf6 30. Rxf6 Rg6
31. Rxg6 Kxg6 32. Kg2 Ng4 33. Rh3 Ne3+ 34. Rxe3 dxe3 35. Kf3 c5 36. Kxe3 Kg5 37. c3 a5 38. b3 c6 39. a3 Kg4 40. b4 cxb4
41. cxb4 axb4 42. axb4 Kg5 43. d4 Kf6 44. d5 cxd5 45. exd5 Ke7 46. Ke4 Kd6 47. b5
1-0

[Event "Winter of Istanbul"]
[Site "SchemingMind.com"]
[Date "2011.08.12"]
[Round "-"]
[White "banyapet"]
[Black "Orhany24"]
[Result "0-1"]
[WhiteCountry "HUN"]
[BlackCountry "TUR"]
[WhiteElo "1718"]
[WhiteRD "90"]
[BlackElo "1715"]
[BlackRD "61"]
[GameID "290408"]

1. e4 e5 2. Nc3 f5 3. exf5 Nf6 4. d3 d5 5. f4 Nc6 6. fxe5 Nxe5 7. Qe2 Be7 8. Qxe5 O-O 9. Be2 Bd6 10. Qd4 c5
11. Qh4 Bxf5 12. Bg5 Be7 13. Nf3 d4 14. Nd1 Qd6 15. O-O Bg6 16. Nf2 Rae8 17. Rae1 Bd8 18. Ng4 Nxg4 19. Qxg4 Bc7
0-1

[Event "Winter of Istanbul"]
[Site "SchemingMind.com"]
[Date "2011.08.12"]
[Round "-"]
[White "banyapet"]
[Black "emvarela"]
[Result "1-0"]
[WhiteCountry "HUN"]
[BlackCountry "ARG"]
[WhiteElo "1718"]
[WhiteRD "90"]
[BlackElo "1774"]
[BlackRD "47"]
[GameID "290409"]

1. e4 e5 2. Nc3 Nf6 3. f4 d5 4. fxe5 Nxe4 5. Nf3 Be7 6. Qe2 Nxc3 7. dxc3 c5 8. Bf4 O-O 9. O-O-O Qa5 10. Kb1 Be6
11. Ng5 Bxg5 12. Bxg5 h6 13. Bf4 d4 14. c4 Nc6 15. Qh5 b5 16. Bxh6 gxh6 17. Qxh6 Bf5 18. Qg5+ Bg6 19. Bd3 Nb4 20. Bxg6 Qxa2+
21. Kc1 Qa1+ 22. Kd2 Qxb2 23. Bf5+
1-0

[Event "Winter of Istanbul"]
[Site "SchemingMind.com"]
[Date "2011.08.09"]
[Round "-"]
[White "banyapet"]
[Black "Olli Ylönen"]
[Result "1-0"]
[WhiteCountry "HUN"]
[BlackCountry "FIN"]
[WhiteElo "1787"]
[WhiteRD "97"]
[BlackElo "1734"]
[BlackRD "51"]
[GameID "290410"]

1. e4 e5 2. Nc3 Nf6 3. f4 d6 4. Nf3 Nc6 5. Bc4 Be7 6. O-O O-O 7. f5 Nxe4 8. Nxe4 d5 9. Bd3 dxe4 10. Bxe4 Bc5+
11. Kh1 Qf6 12. d3 Bxf5 13. Bg5 Qg6 14. Bxc6 bxc6 15. Qd2 e4 16. Nh4 e3 17. Bxe3
1-0

[Event "Winter of Istanbul"]
[Site "SchemingMind.com"]
[Date "2011.08.08"]
[Round "-"]
[White "banyapet"]
[Black "otsenrechess"]
[Result "0-1"]
[WhiteCountry "HUN"]
[BlackCountry "HUN"]
[WhiteElo "1718"]
[WhiteRD "90"]
[BlackElo "2147"]
[BlackRD "45"]
[GameID "290411"]

1. e4 e6 2. d3 d5 3. Nd2 Nf6 4. Ngf3 b6 5. g3 dxe4 6. dxe4 Bb7 7. e5 Ng4 8. Bb5+= Nd7 9. Bxd7+ Qxd7 10. O-O Qc6
11. Re1 Bc5 12. Ne4 Nxf2 13. Nxf2 Rd8 14. Qe2 Qxf3 15. Qxf3 Bxf3 16. Bg5 Rd5 17. Kf1 h6 18. Be3 Rxe5 19. Bxc5 Rxc5 20. c3 Ke7
21. Nd3 Rf5 22. Kg1 Rd8 23. Ne5 Rd2
0-1

[Event "Winter of Istanbul"]
[Site "SchemingMind.com"]
[Date "2011.08.08"]
[Round "-"]
[White "banyapet"]
[Black "e_safarz"]
[Result "0-1"]
[WhiteCountry "HUN"]
[BlackCountry "CAN"]
[WhiteElo "1734"]
[WhiteRD "108"]
[BlackElo "2280"]
[BlackRD "118"]
[GameID "290412"]

1. e4 e5 2. Nc3 Nf6 3. f4 d5 4. fxe5 Nxe4 5. Nf3 Be7 6. Qe2 Nxc3 7. dxc3 c5 8. Bf4 O-O 9. O-O-O Qa5 10. Kb1 Nc6
11. Ng5 Qa4 12. Qh5 h6 13. h4 Qxf4 14. Bd3 Bg4 15. Rdf1 Qxf1+ 16. Rxf1 Bxh5
0-1

[Event "Winter of Istanbul"]
[Site "SchemingMind.com"]
[Date "2011.08.07"]
[Round "-"]
[White "cnbcad"]
[Black "banyapet"]
[Result "0-1"]
[WhiteCountry "USA"]
[BlackCountry "HUN"]
[WhiteElo "1443"]
[WhiteRD "67"]
[BlackElo "1727"]
[BlackRD "98"]
[GameID "290413"]

1. Nf3 Nf6 2. g3 g6 3. Bg2 Bg7 4. d4 O-O 5. O-O d6 6. c4 Nbd7 7. Bg5 h6 8. Bxf6 Bxf6 9. Qd2 Bg7 10. e3 e5
11. d5 f5 12. Nc3 e4 13. Nd4 Ne5 14. f4 Nxc4 15. Qe2 Nb6 16. a4 a5 17. Rad1 Bd7 18. Ne6 Bxe6 19. dxe6 Re8 20. Nd5 Nxd5
21. Rxd5 Rxe6 22. Qc4 Qe7 23. Rc1 c6 24. Rdd1 d5 25. Qe2 Rd8 26. b3 Red6 27. h4 d4 28. exd4 Rxd4 29. Rxd4 Rxd4 30. Qe1 Qd8
31. Kh1 Rd2 32. Qe3 Rd3 33. Qe1 Rxb3 34. Rd1 Rd3 35. Rb1 Bc3 36. Qe2 Bb4 37. Qa2+ Qd5 38. Qc2 Rxg3 39. Rd1 Rd3 40. Rxd3 Qxd3
41. Qa2+ Qd5 42. Qb2 c5 43. Qf6 Qf7 44. Qd8+ Kg7 45. Qd1 Qe7 46. Qd5 Qf7 47. Qe5+ Kh7 48. Qb8 c4
0-1

[Event "Winter of Istanbul"]
[Site "SchemingMind.com"]
[Date "2011.08.07"]
[Round "-"]
[White "jtrochez1"]
[Black "banyapet"]
[Result "0-1"]
[WhiteCountry "HON"]
[BlackCountry "HUN"]
[WhiteElo "1592"]
[WhiteRD "49"]
[BlackElo "1787"]
[BlackRD "97"]
[GameID "290414"]

1. e4 d5 2. exd5 Nf6 3. c4 e6 4. dxe6 Bxe6 5. b3 Qe7 6. Be2 Nc6 7. Bb2 O-O-O 8. Nf3 Qd7 9. Ng5 Bc5 10. O-O Nd4
11. Kh1 Rhe8 12. Bxd4 Bxd4 13. Nc3 Qe7 14. Rc1 Bf5 15. Nge4 Nxe4 16. Nxe4 Bxe4 17. d3 Bxg2+ 18. Kg1 Bxf1 19. Bg4+ Kb8 20. Qxf1 Qg5
21. h3 h5 22. Qd1 hxg4 23. hxg4 Re7 24. Qf3 Qxc1+
0-1

[Event "Winter of Istanbul"]
[Site "SchemingMind.com"]
[Date "2011.08.12"]
[Round "-"]
[White "Orhany24"]
[Black "banyapet"]
[Result "1-0"]
[WhiteCountry "TUR"]
[BlackCountry "HUN"]
[WhiteElo "1715"]
[WhiteRD "61"]
[BlackElo "1718"]
[BlackRD "90"]
[GameID "290415"]

1. d4 Nf6 2. c4 g6 3. Nc3 Bg7 4. e4 d6 5. Bd3 O-O 6. f4 Nc6 7. Nf3 Bg4 8. Be2 Bxf3 9. Bxf3 e5 10. fxe5 dxe5
11. d5 Nd4 12. O-O Qe7 13. Kh1 Rad8 14. Be3 Nxf3 15. Rxf3 Ng4 16. Qd2 Nxe3 17. Qxe3 Qb4 18. Qe2 Qc5 19. Raf1 c6 20. b3
1-0

[Event "Winter of Istanbul"]
[Site "SchemingMind.com"]
[Date "2011.08.12"]
[Round "-"]
[White "emvarela"]
[Black "banyapet"]
[Result "1-0"]
[WhiteCountry "ARG"]
[BlackCountry "HUN"]
[WhiteElo "1774"]
[WhiteRD "47"]
[BlackElo "1718"]
[BlackRD "90"]
[GameID "290416"]

1. e4 d5 2. exd5 Nf6 3. d4 Bg4 4. f3 Bf5 5. Bb5+ Nbd7 6. Nc3 a6 7. Ba4 b5 8. Bb3 Nb6 9. Be3 Nbxd5 10. Nxd5 Nxd5
11. Bxd5 Qxd5 12. Ne2 e6 13. c3 Be7 14. Nf4 Qc4 15. Qe2 Qxe2+ 16. Kxe2 O-O 17. g4 Bg6 18. Nxg6 hxg6 19. Bf4 c5 20. dxc5 Bxc5
21. Rad1 Rfd8 22. Rxd8+ Rxd8 23. Rd1
1-0

[Event "Winter of Istanbul"]
[Site "SchemingMind.com"]
[Date "2011.08.10"]
[Round "-"]
[White "Olli Ylönen"]
[Black "banyapet"]
[Result "1-0"]
[WhiteCountry "FIN"]
[BlackCountry "HUN"]
[WhiteElo "1759"]
[WhiteRD "55"]
[BlackElo "1758"]
[BlackRD "99"]
[GameID "290417"]

1. e4 d5 2. exd5 Nf6 3. Nc3 Nxd5 4. Bc4 Nb6 5. Bb3 c5 6. d3 Nc6 7. Qh5 e6 8. Nf3 Be7 9. Ng5 Ne5 10. Nxe6 Nxd3+
11. cxd3 Bxe6 12. Bxe6 g6 13. Bxf7+ Kxf7 14. Qf3+ Kg7 15. Qxb7 Re8 16. O-O Qxd3 17. Bg5 Kf8 18. Ne4 Bd6 19. Bh6+
1-0

[Event "Winter of Istanbul"]
[Site "SchemingMind.com"]
[Date "2011.08.08"]
[Round "-"]
[White "otsenrechess"]
[Black "banyapet"]
[Result "1-0"]
[WhiteCountry "HUN"]
[BlackCountry "HUN"]
[WhiteElo "2147"]
[WhiteRD "45"]
[BlackElo "1718"]
[BlackRD "90"]
[GameID "290418"]

1. e4 d6 2. d4 Nf6 3. Nc3 g6 4. g3 Bg7 5. Bg2 O-O 6. Nge2 e5 7. h3 Nc6 8. Be3 Re8 9. O-O exd4 10. Nxd4 Bd7
11. Kh2 a6 12. a4 Na5 13. b3 Rb8 14. Qd2 c5 15. Nde2 Bc6 16. Rad1 Nxe4 17. Nxe4 Bxe4 18. Bxe4 Rxe4 19. Bxc5
1-0

[Event "Winter of Istanbul"]
[Site "SchemingMind.com"]
[Date "2011.08.08"]
[Round "-"]
[White "e_safarz"]
[Black "banyapet"]
[Result "1-0"]
[WhiteCountry "CAN"]
[BlackCountry "HUN"]
[WhiteElo "2280"]
[WhiteRD "118"]
[BlackElo "1734"]
[BlackRD "108"]
[GameID "290419"]

1. e4 d5 2. exd5 Nf6 3. d4 Bg4 4. Bb5+ Nbd7 5. f3 Bf5 6. c4 a6 7. Ba4 b5 8. cxb5 Nxd5 9. Ne2 axb5 10. Bxb5 Nb4
11. O-O Nc2 12. Ng3 Bg6 13. f4 Nxa1 14. f5 e6 15. fxg6 hxg6 16. Qf3 f5 17. Re1 Kf7 18. Bxd7 Qxd7 19. Qxa8 Qxd4+ 20. Be3 Qh4
21. Qc6 Qxh2+ 22. Kf2 Bd6 23. Qd7+ Kf6 24. Bf4 Bxf4 25. Rxe6+ Kg5 26. Qe7+ Kh6 27. Nxf5+ Kh5 28. Nxg7+ Kh6 29. Nf5+ Kh5 30. Qf7
1-0

[Event "Winter of Istanbul"]
[Site "SchemingMind.com"]
[Date "2011.08.09"]
[Round "-"]
[White "eraymond"]
[Black "cnbcad"]
[Result "1-0"]
[WhiteCountry "CAN"]
[BlackCountry "USA"]
[WhiteElo "2214"]
[WhiteRD "129"]
[BlackElo "1543"]
[BlackRD "96"]
[GameID "290480"]

1. e4 c5 2. Nf3 g6 3. d4 e6 4. Nc3 cxd4 5. Nxd4 Bg7 6. Ndb5 d5 7. Bf4 e5 8. Nxd5 Na6 9. Bg3 Bd7 10. Nd6+ Kf8
11. Nxb7 Qb8 12. Bxa6 Bc6 13. Qf3 Bxb7 14. Qa3+ Ke8 15. Bb5+
1-0

[Event "Winter of Istanbul"]
[Site "SchemingMind.com"]
[Date "2011.08.09"]
[Round "-"]
[White "eraymond"]
[Black "jtrochez1"]
[Result "1-0"]
[WhiteCountry "CAN"]
[BlackCountry "HON"]
[WhiteElo "2263"]
[WhiteRD "112"]
[BlackElo "1592"]
[BlackRD "49"]
[GameID "290481"]

1. e4 e5 2. Nf3 Nc6 3. d4 d6 4. d5 Nb8 5. Be3 c5 6. Bc4 Bg4 7. h3 Bd7 8. Nc3 a6 9. O-O Qc8 10. a4 Be7
11. Nd2 Bxh3 12. gxh3 Qxh3 13. Qf3 Qxf3 14. Nxf3 Nd7 15. Kg2 Ngf6 16. Rh1 h6 17. Be2 Ng8 18. a5 b5 19. axb6 Nxb6 20. Bxa6 Nd7
21. Bb5 Rxa1 22. Rxa1 Nf6 23. Ra7 g5 24. Nd2 Bd8 25. Nc4 Ke7 26. Na4 Ne8 27. Rxd7+
1-0

[Event "Winter of Istanbul"]
[Site "SchemingMind.com"]
[Date "2011.08.13"]
[Round "-"]
[White "eraymond"]
[Black "Orhany24"]
[Result "1-0"]
[WhiteCountry "CAN"]
[BlackCountry "TUR"]
[WhiteElo "2263"]
[WhiteRD "112"]
[BlackElo "1746"]
[BlackRD "77"]
[GameID "290482"]

1. e4 e5 2. Nf3 Nc6 3. Bc4 Nf6 4. Ng5 d5 5. exd5 Na5 6. Bb5+ c6 7. dxc6 bxc6 8. Qf3 Bd7 9. Bd3 Bd6 10. Nc3 O-O
11. Nxh7 Nxh7 12. Bxh7+ Kxh7 13. Qd3+
1-0

[Event "Winter of Istanbul"]
[Site "SchemingMind.com"]
[Date "2011.08.13"]
[Round "-"]
[White "eraymond"]
[Black "emvarela"]
[Result "1-0"]
[WhiteCountry "CAN"]
[BlackCountry "ARG"]
[WhiteElo "2214"]
[WhiteRD "103"]
[BlackElo "1751"]
[BlackRD "48"]
[GameID "290483"]

1. e4 e5 2. Nf3 Nc6 3. Bc4 Nf6 4. Ng5 d5 5. exd5 Nxd5 6. d4 exd4 7. O-O Be7 8. Nxf7 Kxf7 9. Qf3+ Bf6 10. Bxd5+ Be6
11. Bxe6+ Kxe6 12. Re1+ Kf7 13. Bf4 Qd7 14. Nd2 Rae8 15. Ne4 Ne5 16. Bxe5 Rxe5 17. Nxf6
1-0

[Event "Winter of Istanbul"]
[Site "SchemingMind.com"]
[Date "2011.08.09"]
[Round "-"]
[White "eraymond"]
[Black "Olli Ylönen"]
[Result "1-0"]
[WhiteCountry "CAN"]
[BlackCountry "FIN"]
[WhiteElo "2214"]
[WhiteRD "129"]
[BlackElo "1692"]
[BlackRD "51"]
[GameID "290484"]

1. e4 e5 2. Nf3 Nc6 3. d4 exd4 4. Nxd4 Bc5 5. Be3 Qf6 6. c3 Nge7 7. Bc4 Ne5 8. Be2 Qg6 9. O-O d6 10. f4 Qxe4
11. Bf2 Bxd4 12. cxd4 N5g6 13. g3 Bh3 14. Bf3 Qf5 15. Re1 d5 16. Nc3 c6 17. Qb3 Qd7 18. a4 O-O 19. a5 Qd6 20. Na4 Nxf4
21. gxf4 Qxf4 22. Bd1 Nf5 23. Qxh3 Nxd4 24. Nc5 Qg5+ 25. Qg3 Qxg3+ 26. hxg3 Nf5 27. Nxb7 Rab8 28. a6
1-0

[Event "Winter of Istanbul"]
[Site "SchemingMind.com"]
[Date "2011.08.11"]
[Round "-"]
[White "eraymond"]
[Black "otsenrechess"]
[Result "1-0"]
[WhiteCountry "CAN"]
[BlackCountry "HUN"]
[WhiteElo "2342"]
[WhiteRD "89"]
[BlackElo "2147"]
[BlackRD "45"]
[GameID "290485"]

1. e4 c5 2. Nf3 Nc6 3. Bc4 e6 4. O-O Nf6 5. Re1 d6 6. Nc3 Be7 7. d4 cxd4 8. Nxd4 O-O 9. Be3 a6 10. a4 Bd7
11. Nxc6 Bxc6 12. f3 Qc7 13. Bd4 d5 14. exd5 Bxd5 15. Nxd5 Nxd5 16. Bxd5 Rad8 17. c3 Rxd5 18. Qb3 Rfd8 19. Qb6 Qc8 20. Re4 Bd6
21. g3 e5 22. Bf2 g6 23. Rae1 Kg7 24. Kg2 Bc5 25. Bxc5 Rxc5 26. R1e2 Rcd5 27. c4 Rd2 28. b3 f6 29. Qb4
1-0

[Event "Winter of Istanbul"]
[Site "SchemingMind.com"]
[Date "2011.08.09"]
[Round "-"]
[White "eraymond"]
[Black "e_safarz"]
[Result "1/2-1/2"]
[WhiteCountry "CAN"]
[BlackCountry "CAN"]
[WhiteElo "2263"]
[WhiteRD "112"]
[BlackElo "2305"]
[BlackRD "94"]
[GameID "290486"]

1. e4 e5 2. Nf3 Nc6 3. d4 exd4 4. Nxd4 Nf6 5. Nc3 Bb4 6. Nxc6 bxc6 7. Bd3 d5 8. exd5 cxd5 9. O-O O-O 10. Bg5 c6
11. Qf3 Bd6 12. h3 Rb8 13. b3 h6 14. Bf4 Rb4 15. Bxd6 Qxd6 16. Qg3 Qxg3 17. fxg3 Re8 18. Rae1 Kf8 19. Rxe8+ Kxe8 20. Na4 Be6
21. Nc5 Ke7 22. Re1 Kd6 23. c3 Rb8 24. b4 a5 25. a3 axb4 26. axb4 Nd7 27. Nxd7 Kxd7 28. Rc1= Kd6 29. Kf2 d4 30. Be4 dxc3
31. Rxc3 Bd5 32. Bxd5 cxd5 33. Rb3 Re8 34. g4 Re6 35. Ra3 Re7 36. Ra6+ Ke5 37. Ke3 Rb7 38. Ra4 g6 39. Kd3 f6 40. g3 f5
41. gxf5 gxf5 42. Ke3 h5 43. Kf3 Rb8 44. h4 Kd4 45. b5+ Kc3 46. Rf4 d4 47. Rxf5 d3 48. Rc5+ Kd4 49. Rc7 Rxb5 50. Rd7+ Kc3
51. Rc7+ Kd2 52. g4 hxg4+ 53. Kxg4 Rb4+ 54. Kg5 Ke3 55. Rc3 Ke4 56. Rxd3 Kxd3 57. h5 Ke4 58. h6 Ke5 59. h7 Rb8 60. Kg6 Ke6
61. Kg7 Rb7+ 62. Kg6 Rxh7 63. Kxh7
1/2-1/2